000 00487nam a2200181 a 4500
001 1771589609237
003 YourLibrary
005 20260220174643.0
008 260220s2008##################000#0#eng##
020 _a9780521082822
082 0 4 _a320.604
_bMAR
100 1 _aMartin, Ged,
_eauthor.
245 1 0 _aThe Durham Report and British Policy :
260 _bCambridge University Press,
_c2008.
650 0 _aHistory.
942 _cENGLISH
040 _aYourLibrary
_beng
_cYourLibrary
999 _c614785
_d614785